01325nam a2200157 a 4500008004100000020001800041041000800059100001900067245004200086250004500128260003700173300002200210500008300232505083700315655001501152200313s2008 A ||||gr|||| 00| 0 spa d a9789505471010 aspa1 aBradbury, Ray. aCrónicas marcianas /cRay Bradbury. a4a ed.bTraducción Francisco Abelenda. aBuenos Aires:bMinotauro;c2008. a280 p.b19x13 cm. aBradbury, R. (2008). Crónicas marcianas. (4a ed.). Buenos Aires : Alfaguara. aEsta colecciòn de relatos reùne la crònica de la colonizaciòn de Marte por parte de una humanidad que abandona la Tierra en sucesivas oleadas de cohetes plateados y sueña con reproducir en el Planeta Rojo una civilizaciòn de perritos calientes, còmodos sofàs y limonada en el porche al atardecer. Pero los colonos tambièn traen equipajes las enfermedasdes que diezmaràn a los marcianos y mostraràn muy poco respeto por una cultura planetaria, misteriosa y fascinate , que èstos intentaràn proteger ante la rapacidad de los terrìcolas. Escritas en la dècada de 1940 y situadas en el lejano futuro que comienza en 1999, estas historias, aparentemente sencillas, sirven de excusa para que Bradbury se sumerja en los misterios del alma y desarrolle una de las hazañas màs apasionantes de la humanidad. aLiteratura